书目信息 |
| 题名: |
大学生军事理论教程
|
|
| 作者: | 覃磊 , 郝森 , 占松青 主编 | |
| 分册: | ||
| 出版信息: | 长沙 中南大学出版社 2019.09 |
|
| 页数: | 226页 | |
| 开本: | 26cm | |
| 丛书名: | ||
| 单 册: | ||
| 中图分类: | E0-43 | |
| 科图分类: | ||
| 主题词: | 军事理论 | |
| 电子资源: | ||
| ISBN: | 978-7-5487-3406-2 | |
| 000 | 00775nam0 2200229 450 | |
| 001 | 2433238234 | |
| 005 | 20241104091936.30 | |
| 010 | @a978-7-5487-3406-2@dCNY42.00 | |
| 100 | @a20241104d2019 km y0chiy0120 ea | |
| 101 | 0 | @achi |
| 102 | @aCN@b430000 | |
| 200 | 1 | @a大学生军事理论教程@ADa Xue Sheng Jun Shi Li Lun Jiao Cheng@f覃磊, 郝森,占松青主编@FTan Lei,Hao Sen,Zhan Song Qing Zhu Bian |
| 210 | @a长沙@c中南大学出版社@d2019.09 | |
| 215 | @a226页@d26cm | |
| 300 | @a根据2019年最新大纲编写 公共素质课"十三五 " 规划教材 "互联网 + " 立体化精品教材 | |
| 606 | 0 | @a军事理论 |
| 690 | @aE0-43@v4 | |
| 701 | 0 | @a覃磊@ATan Lei@4主编 |
| 701 | 0 | @a郝森@AHao Sen@4主编 |
| 701 | 0 | @a占松青@AZhan Song Qing@4主编 |
| 801 | 0 | @aCN@b河南城建学院图书馆@c20241104 |
| 905 | @dE0-43@eQ462 | |
| 大学生军事理论教程/覃磊, 郝森,占松青主编.-长沙:中南大学出版社,2019.09 |
| 226页;26cm |
| 根据2019年最新大纲编写 公共素质课"十三五 " 规划教材 "互联网 + " 立体化精品教材 |
| ISBN 978-7-5487-3406-2:CNY42.00 |
| ● |
| 相关链接 |
|
|
|
正题名:大学生军事理论教程
索取号:E0-43/Q462
 
预约/预借
| 序号 | 登录号 | 条形码 | 馆藏地/架位号 | 状态 | 备注 |
| 1 | 1553575 | 215535758 | 社科库509/509社科库 113排1列2层/ [索取号:E0-43/Q462] | 在馆 | |
| 2 | 1553576 | 215535767 | 社科库509/509社科库 113排1列2层/ [索取号:E0-43/Q462] | 在馆 |